[Event "Panevezys Elite Open 2020"]
[Site "Panevezys"]
[Date "2020.06.27"]
[Round "3.6"]
[White "Jazdanovs, Aleksandrs"]
[Black "Stremavicius, Pijus"]
[Result "1/2-1/2"]
[WhiteElo "2222"]
[BlackElo "2163"]
[Annotator "TA"]
[PlyCount "38"]
[EventDate "2020.06.26"]
[EventType "swiss"]
[EventCountry "LTU"]
[SourceTitle "playchess.com"]
[Source "ChessBase"]
[SourceQuality "1"]

{[%evp 10,38,-8,-8,35,3,0,-19,38,34,33,30,35,-23,0,-8,-8,-16,-16,-25,-11,-44,-44,-44,-37,-37,-38,-38,-37,-36,-34]} 1. e4 c5 2. Nc3 Nc6 3. f4 g6 4. Nf3 Bg7 5. Bc4 d6 6. O-O h5 {[#] B23: Closed Sicilian: Lines without g3.} 7. f5 $146 ({Predecessor:} 7. h3 Nh6 8. d3 Nd4 9. Be3 e6 10. Ng5 O-O 11. Qd2 d5 12. exd5 b5 13. Nxb5 exd5 14. Bxd4 cxd4 {0-1 (35) Langendijk,A-Bongers,E Soest 1995}) 7... gxf5 8. exf5 Ne5 (8... Nh6 $11) 9. Nxe5 $14 Bxe5 10. Qf3 Nf6 11. Nd5 (11. d3 $14) 11... Rb8 12. Nxf6+ Bxf6 13. a4 Bd7 14. Bd5 Qc7 15. Qb3 Rh7 {Black is slightly better.} 16. c3 Bc6 17. d3 Bxd5 18. Qxd5 Qc6 19. Qe4 Kd7 {Accuracy: White = 73%, Black = 83%.} 1/2-1/2

[Event "Panevezys Elite Open 2020"]
[Site "Panevezys"]
[Date "2020.06.27"]
[Round "3.7"]
[White "Juknis, Paulius"]
[Black "Steponavicius, Stasys"]
[Result "1/2-1/2"]
[WhiteElo "2127"]
[BlackElo "2183"]
[Annotator "TA"]
[PlyCount "54"]
[EventDate "2020.06.26"]
[EventType "swiss"]
[EventCountry "LTU"]
[SourceTitle "playchess.com"]
[Source "ChessBase"]
[SourceQuality "1"]

{[%evp 16,54,32,17,34,27,39,30,45,18,10,21,32,32,58,65,69,58,79,70,99,102,114,94,68,66,76,39,41,36,35,35,35,36,35,35,35,35,35,35,31]} 1. e4 c5 2. Nf3 Nc6 3. Bb5 e6 4. O-O Nge7 5. Re1 a6 6. Bf1 d5 7. exd5 Nxd5 8. d4 cxd4 9. Nxd4 Ndb4 {B30: Sicilian: 2...Nc6 3 Bb5, lines without ...g6.} 10. Nxc6 {[%csl Gc6][%cal Rd1d8] [#]} Qxd1 11. Rxd1 {[%csl Gc6][%cal Rd1d8]} Nxc6 {White has an edge.} 12. c4 Bc5 13. Nc3 {[#]} Ke7 $146 ({Predecessor:} 13... O-O 14. Na4 Ba7 15. Be3 Bxe3 16. fxe3 e5 17. Nb6 Rb8 18. Nd7 Bxd7 19. Rxd7 Rfd8 {1-0 (54) Kuba,G (2313)-Gaertner,G (2392) Austria 2002}) 14. b3 Bd4 15. Ba3+ Kf6 16. Rac1 Kg6 17. Ne2 e5 18. Nxd4 Nxd4 19. Bb2 Nc6 20. Rd6+ f6 21. f3 Kf7 {White is slightly better.} 22. Bd3 Be6 23. Be4 Rhd8 24. Rcd1 Rxd6 25. Rxd6 Rd8 26. Rxd8 Nxd8 27. Kf2 ({Don't go for} 27. Bxh7 $2 g6 $19) 27... Bd7 {Accuracy: White = 86%, Black = 86%.} 1/2-1/2

[Event "Panevezys Elite Open 2020"]
[Site "Panevezys"]
[Date "2020.06.27"]
[Round "3.8"]
[White "Bekasovs, Rihards"]
[Black "Butvilas, Aistis"]
[Result "1-0"]
[WhiteElo "2179"]
[BlackElo "2103"]
[Annotator "TA"]
[PlyCount "63"]
[EventDate "2020.06.26"]
[EventType "swiss"]
[EventCountry "LTU"]
[SourceTitle "playchess.com"]
[Source "ChessBase"]
[SourceQuality "1"]

{[%evp 16,63,3,0,12,18,30,13,20,15,27,20,27,31,70,57,84,39,56,37,108,108,108,108,108,108,103,105,109,104,109,105,115,107,123,95,103,70,64,61,59,79,166,168,185,143,226,217,204,195]} 1. Nf3 Nf6 2. b3 e6 3. Bb2 d5 4. g3 b6 5. Bg2 Bb7 6. c4 Be7 7. O-O O-O 8. d3 c5 9. cxd5 exd5 {A14: English Opening: 1...e6 with b3 by White.} 10. d4 Na6 11. Nc3 {[#]} Re8 $146 {The position is equal.} ({Predecessor:} 11... Nc7 12. Rc1 Ne6 13. e3 Rc8 14. Ne2 Ne4 15. Ne5 f5 16. Nf4 Nxf4 17. exf4 cxd4 18. Qxd4 Rxc1 19. Bxc1 {0-1 (46) Moor,R (2405)-Dervishi,E (2535) Istanbul 2003}) 12. Rc1 Bf8 13. e3 Nc7 14. Qc2 c4 15. Ne5 cxb3 16. axb3 Rc8 17. Ra1 Nb5 {[#]} (17... a5 $14) 18. Qd3 $1 $16 {[%cal Rd3b5]} Nxc3 19. Rxa7 ({Much worse is} 19. Bxc3 Ne4 $11) 19... Qc7 {[#] White must now prevent ...Nce4.} 20. Bxc3 $1 Ne4 21. Bb2 f6 22. Nf3 Qb8 23. Raa1 Bc6 24. Rfc1 b5 25. Nd2 {And now Rxc6! would win.} Qb7 26. Nxe4 dxe4 27. Qd1 Bd5 28. Bf1 Rb8 (28... Ra8 $16 {was worth a try.}) 29. Ra5 $18 {White is clearly better.} Qf7 30. Rxb5 Kh8 (30... Rxb5 $16 31. Bxb5 Rb8) 31. Rxb8 Rxb8 32. Bc4 {Accuracy: White = 80%, Black = 68%.} 1-0

[Event "Panevezys Elite Open 2020"]
[Site "Panevezys"]
[Date "2020.06.27"]
[Round "3.9"]
[White "Valantiejus, Vaidotas"]
[Black "Boyajyan, David"]
[Result "1-0"]
[WhiteElo "2082"]
[BlackElo "1949"]
[Annotator "TA"]
[PlyCount "151"]
[EventDate "2020.06.26"]
[EventType "swiss"]
[EventCountry "LTU"]
[SourceTitle "playchess.com"]
[Source "ChessBase"]
[SourceQuality "1"]

{[%evp 16,151,7,6,15,10,23,-34,-13,-35,-18,0,34,-29,33,31,15,8,44,-10,82,70,81,72,118,125,129,128,77,38,51,0,99,99,168,168,168,166,166,161,148,62,61,32,50,64,100,76,101,0,0,12,69,77,104,16,17,16,13,2,3,8,19,0,0,0,0,0,0,0,0,0,0,0,50,0,102,93,175,175,175,174,174,159,170,125,87,116,678,623,627,595,774,554,4134,4153,3130,2727,2433,2364,12796,6029,29963,29963,29967,29967,29969,29970,29970,29972,29968,29970,29968,29970,29970,29971,29965,29971,29978,29948,29982,29981,29979,29980,29986,29987,29987,29987,29988,29989,29989,29990,29993,29994,29994,29995,29995,29996]} 1. e4 e6 2. d4 d5 3. Nc3 Nf6 4. e5 Nfd7 5. f4 c5 6. Nf3 Nc6 7. Be3 Be7 8. Qd2 a6 9. dxc5 Nxc5 {C11: French: Classical System: 4 e5 and 4 Bg5 dxe4.} 10. O-O-O b5 11. Bd3 (11. Qf2 $11 Nd7 12. Qg3) 11... Nxd3+ $15 {Black is slightly better.} 12. Qxd3 Qa5 13. Kb1 Bb7 (13... b4 $5 14. Ne2 $8 Qc7 $11) 14. Nd4 {[#]} (14. f5 $14) 14... Nxd4 $146 ({Black should try} 14... Qc7 $11) ({Predecessor:} 14... O-O 15. Nxc6 Bxc6 16. Ne2 Rfc8 17. Nd4 Bd7 18. f5 Qd8 19. Rhf1 exf5 20. Nxf5 Be6 {½-½ (65) Schelle,A (2190)-Schubert,J (2042) Rosenheim 2017}) 15. Bxd4 $14 b4 16. Ne2 Rc8 17. Be3 (17. f5 $14) 17... Bc5 (17... Qc7 $11 {remains equal.}) 18. Bxc5 $16 Qxc5 19. Nd4 Qc4 20. Qg3 g6 21. h4 h5 22. Rd2 a5 23. b3 ({Better is} 23. f5 $14 gxf5 24. Qg7) 23... Qc3 (23... Qc5 $11) 24. Qxc3 $1 bxc3 (24... Rxc3 $16 25. Nb5 Rc6) 25. Rd3 $18 Ba6 26. Rf3 Kd7 27. Rhh3 Rb8 {Black wants to play ...Rb4.} 28. Rxc3 (28. a3 $16) 28... Rb4 $14 29. Nc6 Rxf4 {...d4 is the strong threat.} 30. Nxa5 Rc8 31. Rcf3 Rf5 32. Rxf5 (32. Kb2 $16) 32... exf5 $16 {[%mdl 4096] Endgame KRB-KRN} 33. Re3 d4 (33... Bf1 $11) 34. Re1 $1 $14 Ke6 35. b4 (35. a4 $16) 35... d3 $11 36. Nb3 $1 {[%cal Rb3c5] Strongly threatening Nc5+.} dxc2+ 37. Kc1 {Black must now prevent Nc5+.} Kd5 38. Nc5 Bc4 39. Kxc2 Bxa2 40. Kc3 {Threatens to win with Ra1.} Kc6 41. Ra1 Be6 42. Rd1 Bd5 43. g3 Ra8 44. Kd4 Bf3 45. Rd3 (45. Rc1 {with more complications.} Bg2 46. Rc2 Bh1 47. Ne4+ Kd7 48. Ng5) 45... Rd8+ (45... Bd5 $11) 46. Ke3 $16 Rxd3+ (46... Bd5 $16 {was necessary.}) 47. Nxd3 {KB-KN} Bd5 48. Kd4 Ba2 {intending ...Kb5.} 49. Nc1 Be6 {[#]} 50. Ne2 $1 Kb5 51. Kc3 {aiming for Nd4+.} Bc8 $2 {[%mdl 8192] Loses the game.} (51... Ba2 $16) 52. Nd4+ $18 Kb6 53. Kc4 Bb7 54. b5 Be4 {[#]} 55. e6 $1 {[%cal Re6f7]} fxe6 56. Nxe6 Bg2 {[#]} 57. Nf4 $1 {[%csl LRg2,LRg6][%mdl 512]} Bf1+ 58. Kd4 Bxb5 59. Nxg6 {White mates.} Kc6 60. Ke5 Kd7 61. Kxf5 Bd3+ 62. Kg5 Be2 63. Nf4 {[%mdl 64] Double Attack} Bd1 64. Nxh5 Ke6 65. Ng7+ Kf7 66. Nf5 Kg8 67. Kf6 Be2 68. Ne3 Bd3 69. g4 Bb1 70. g5 Bd3 71. g6 Bb1 72. Nf5 Ba2 73. h5 Bb3 74. h6 Ba2 75. h7+ Kh8 76. Nh6 {Accuracy: White = 78%, Black = 61%.} 1-0

[Event "Panevezys Elite Open 2020"]
[Site "Panevezys"]
[Date "2020.06.27"]
[Round "3.10"]
[White "Golubovskis, Maksims"]
[Black "Aleknavicius, Andrius"]
[Result "1/2-1/2"]
[WhiteElo "2062"]
[BlackElo "1895"]
[Annotator "TA"]
[PlyCount "33"]
[EventDate "2020.06.26"]
[EventType "swiss"]
[EventCountry "LTU"]
[SourceTitle "playchess.com"]
[Source "ChessBase"]
[SourceQuality "1"]

{[%evp 25,33,47,42,50,63,0,0,-28,-27,-52]} 1. e4 c5 2. Nf3 Nc6 3. d4 cxd4 4. Nxd4 Nf6 5. Nc3 d6 6. Bg5 e6 7. Qd2 a6 8. O-O-O Bd7 9. f4 b5 10. Bxf6 gxf6 11. f5 Nxd4 12. Qxd4 Bh6+ 13. Kb1 Bf4 14. fxe6 {B67: Sicilian: Richter-Rauzer: 7...a6 8 0-0-0 Bd7, lines without 9 f4 Be7.} fxe6 15. Be2 (15. Ne2 $14 Be5 16. Qd3) 15... O-O $11 {[#]} 16. Qf2 $146 ({Predecessor:} 16. Bg4 Rc8 17. Qd3 Qe7 18. Ne2 Be5 19. Nd4 Rc4 20. Nf3 Bc8 21. Nxe5 dxe5 22. Qd6 Qxd6 23. Rxd6 {0-1 (53) Goldsztejn,G (2374)-Guliyev,N (2510) Paris 2008}) 16... Be5 {[#] aiming for ...b4.} 17. Rd3 {White did not feel at home in the position after the opening.} 1/2-1/2

[Event "Panevezys Elite Open 2020"]
[Site "Panevezys"]
[Date "2020.06.27"]
[Round "3.11"]
[White "Bagdanskis, Dangis"]
[Black "Povilaitis, Tomas"]
[Result "1/2-1/2"]
[WhiteElo "1916"]
[BlackElo "1832"]
[Annotator "TA"]
[PlyCount "29"]
[EventDate "2020.06.26"]
[EventType "swiss"]
[EventCountry "LTU"]
[SourceTitle "playchess.com"]
[Source "ChessBase"]
[SourceQuality "1"]

{[%evp 14,29,16,15,22,11,135,116,97,97,166,173,154,162,182,192,237,204]} 1. d4 Nf6 2. Nf3 e6 3. Bg5 c5 4. e3 b6 5. Bd3 Bb7 6. c3 Be7 7. Nbd2 cxd4 8. exd4 O-O {A47: 1 d4 Nf6 2 Nf3 b6: Torre, London and Colle Systems.} 9. h4 {[#]} Ng4 $146 (9... Nc6 $11 {remains equal.}) ({Predecessor:} 9... Nc6 10. Bxf6 Bxf6 11. Bxh7+ Kxh7 12. Ng5+ Kg8 13. Qh5 {1-0 (13) Fleischer,M (1946)-Mueller,D (1781) Binz 2018}) 10. Bxe7 Qxe7 {[#]White is better.} 11. Bxh7+ $1 Kh8 (11... Kxh7 $16 {might work better.} 12. Ng5+ {[%mdl 64] Discovered Attack} Kg8) 12. Be4 $18 {White is clearly better.} Nc6 13. Ng5 f5 14. Bf3 Nh6 15. Qe2 {Accuracy: White = 100%, Black = 52%.} 1/2-1/2

[Event "Panevezys Elite Open 2020"]
[Site "Panevezys"]
[Date "2020.06.27"]
[Round "3.12"]
[White "Golsta, Madara"]
[Black "Bagvilas, Lukas"]
[Result "1/2-1/2"]
[WhiteElo "1903"]
[BlackElo "1907"]
[Annotator "TA"]
[PlyCount "118"]
[EventDate "2020.06.26"]
[EventType "swiss"]
[EventCountry "LTU"]
[SourceTitle "playchess.com"]
[Source "ChessBase"]
[SourceQuality "1"]

{[%evp 10,118,26,22,29,13,29,18,30,32,38,36,41,41,43,42,44,46,59,36,37,20,47,38,41,35,79,44,78,78,78,91,92,85,88,47,55,16,16,13,19,13,10,0,0,0,13,13,38,43,39,0,0,0,0,0,0,9,17,0,0,0,0,0,0,0,23,23,23,23,23,4,8,4,16,7,5,7,32,33,34,0,0,0,0,0,0,0,0,0,65,0,5,6,6,0,0,0,57,0,0,0,4,0,0,0,0,0,0,0,8]} 1. e4 c6 2. Nc3 d5 3. Nf3 dxe4 4. Nxe4 Nf6 5. Qe2 Nxe4 6. Qxe4 Nd7 {[%cal Bb8d7,Bd7f6,Bf6e4][%mdl 32] B11: Caro-Kann: Two Knights Variation.} 7. Bc4 Nf6 8. Ne5 {[%csl Ge5][%cal Rc4f7] [#]} e6 9. Qe2 Qd4 10. c3 Qe4 11. Qxe4 Nxe4 12. d4 {[#]} f6 $146 ({Predecessor:} 12... Be7 13. f3 Nf6 14. Be3 O-O 15. h4 Rd8 16. Bb3 Bd7 17. Nxd7 Rxd7 18. O-O-O Nd5 {½-½ (68) Abdulla,M (2284)-Orr,M (2140) Dundee 2017}) 13. Nd3 Kf7 14. Be3 Nd6 15. Bb3 Nf5 16. Bd2 Bd6 17. O-O-O b5 18. Rde1 Ne7 19. Bf4 Bxf4+ 20. Nxf4 Nd5 {[#]} 21. Nd3 $1 Re8 22. Re2 a5 23. Bxd5 (23. Rhe1 {is more complex.} b4 24. c4 Nb6 25. c5 Nd5 26. Bxd5 cxd5 27. Re3) 23... exd5 24. Rxe8 Kxe8 $14 {[%mdl 4096] Endgame KRB-KRN} 25. Re1+ Kf7 26. a4 Bf5 27. Nc5 bxa4 28. Nxa4 Bd3 29. Nc5 Bb5 30. Kd2 a4 31. Ra1 Re8 32. Re1 Ra8 33. Nb7 Ba6 34. Nc5 Bb5 35. Kc2 Ra7 36. Kb1 Bc4 37. f4 g6 38. g4 h6 39. h4 Bb3 40. f5 gxf5 41. gxf5 Ra8 42. Rg1 Bc4 $1 43. Kc2 a3 {And now ...a2 would win.} 44. Ne6 {Hoping for Rg7+.} Ra6 $1 45. b3 a2 46. Ra1 Be2 {White should prevent ...Bg4.} 47. Kb2 Bg4 48. Rxa2 Rxa2+ 49. Kxa2 {Strongly threatening Nd8+.} Bxf5 $11 {KB-KN} (49... Ke7 $11) 50. Nf4 (50. Nd8+ $14 Kg6 51. Nxc6) 50... Ke7 51. Ka3 Bc2 52. Kb4 Kd6 53. c4 Bd1 (53... dxc4 $11 54. bxc4 Be4) 54. Kc3 ({White should play} 54. c5+ $14 Kc7 55. Kc3) 54... dxc4 $1 {The position is equal.} 55. bxc4 c5 56. Nd3 cxd4+ 57. Kxd4 Ke6 58. Nf2 Be2 59. c5 Bb5 {Accuracy: White = 84%, Black = 86%.} 1/2-1/2

[Event "Panevezys Elite Open 2020"]
[Site "Panevezys"]
[Date "2020.06.28"]
[Round "4.1"]
[White "Steponavicius, Stasys"]
[Black "Jazdanovs, Aleksandrs"]
[Result "0-1"]
[WhiteElo "2183"]
[BlackElo "2222"]
[Annotator "TA"]
[PlyCount "71"]
[EventDate "2020.06.26"]
[EventType "swiss"]
[EventCountry "LTU"]
[SourceTitle "playchess.com"]
[Source "ChessBase"]
[SourceQuality "1"]

{[%evp 11,71,5,0,-20,0,0,1,-27,-6,-61,-50,-95,-38,-33,-28,-33,-28,-35,-17,-27,-25,-29,-21,-35,-30,-53,-14,-15,-12,-14,-3,-154,-99,-89,44,-117,-114,-122,-118,-113,-113,-113,-107,-116,-108,-108,-91,-154,-84,-110,-79,-138,-69,-76,-68,-70,-27,-866,-868,-1075,-1054,-2275]} 1. d4 Nf6 2. c4 e6 3. Nc3 Bb4 4. Nf3 O-O 5. g3 d5 6. Bg2 dxc4 7. Bg5 {E20: Nimzo-Indian: 4 g3 and 4 f3.} c5 {[#]} 8. dxc5 $146 ({Predecessor:} 8. O-O h6 9. Bxf6 Qxf6 10. Ne4 Qe7 11. a3 Ba5 12. Nxc5 Nd7 13. Rc1 Rb8 14. Rxc4 b5 15. Rc1 b4 16. Qa4 Nxc5 17. dxc5 Qc7 18. Nd4 Ba6 19. Nc6 Rb5 20. axb4 {1-0 (20) Delvos,T (1941)-Volesky,K (2020) Nordrheinwestfalen 2011}) 8... Nbd7 9. c6 {The position is equal.} bxc6 10. Nd4 (10. O-O $11) 10... Bb7 11. Bxc6 Qc7 (11... Bxc3+ $17 12. bxc3 Bxc6 13. Nxc6 Qb6) 12. Bxb7 $15 Qxb7 13. O-O Rfd8 14. Qc1 Ne5 {[%cal Bd7e5,Be5c6,Bc6d4,Bd4c2][%mdl 32]} 15. Nc2 Be7 16. Ne3 h6 17. Bxf6 $1 Bxf6 18. Qc2 Nc6 19. Nxc4 Nd4 20. Qa4 $1 Rac8 21. f3 $2 (21. Rad1 $11) 21... Rxc4 (21... Qc7 $142 $1 {[%cal Rc7c4]} 22. b3 Nf5) 22. Qxc4 $17 Qxb2 (22... Rc8 $1 $17 {[%cal Rc8c4]} 23. Qa4 Qxb2) 23. Rae1 $2 {[#]} (23. Ne4 $14 {keeps the upper hand.}) 23... Nc2 $1 {[%csl LRc3,LRe1][%cal Rc2e1]} 24. Ne4 Bd4+ ({But not} 24... Nxe1 $6 25. Nxf6+ gxf6 26. Rxe1 $15) 25. Kh1 {And now Rb1 would win.} Ne3 26. Qa6 {aiming for Rb1.} Nxf1 27. Rxf1 Bb6 28. g4 Rd5 29. a4 (29. Qc8+ $142 Rd8 30. Qa6) 29... Kh7 $40 {[%mdl 128] Black is out for blood.} ({Black should try} 29... Qc2 30. Ng3 Qc6) 30. Kg2 Qd4 31. Rc1 {[#]} ({Better is} 31. Qb7) 31... f5 (31... h5 $1 $17 {Threatens to win with ...Qe3.} 32. g5 Qb2) 32. gxf5 $15 exf5 33. Ng3 Qe3 34. Qc4 $2 {[%mdl 8192]} (34. Qb7 $11) 34... Rc5 $19 35. Qf7 Qxc1 36. Nh5 {Accuracy: White = 50%, Black = 64%.} 0-1

[Event "Panevezys Elite Open 2020"]
[Site "Panevezys"]
[Date "2020.06.28"]
[Round "4.2"]
[White "Stremavicius, Pijus"]
[Black "Bekasovs, Rihards"]
[Result "1/2-1/2"]
[WhiteElo "2163"]
[BlackElo "2179"]
[Annotator "TA"]
[PlyCount "109"]
[EventDate "2020.06.26"]
[EventType "swiss"]
[EventCountry "LTU"]
[SourceTitle "playchess.com"]
[Source "ChessBase"]
[SourceQuality "1"]

{[%evp 18,109,22,22,39,39,28,37,33,28,42,20,32,14,16,20,19,18,9,5,17,11,27,0,26,26,20,12,15,12,36,36,36,36,36,36,47,50,50,52,57,64,87,80,90,8,32,18,15,16,10,0,21,32,73,65,72,62,83,79,71,70,121,116,102,71,74,81,62,79,125,4,4,4,4,4,64,64,85,19,19,19,89,0,0,0,0,0,0,0,0,0,0,0]} 1. Nf3 Nf6 2. c4 c5 3. b3 g6 4. Bb2 Bg7 5. g3 b6 6. Bg2 Bb7 7. O-O O-O 8. d4 cxd4 9. Qxd4 d6 10. Nc3 Ne4 {A30: Symmetrical English: Double Fianchetto and Hedgehog.} 11. Qe3 Nxc3 12. Bxc3 Bxc3 {White is slightly better.} 13. Qxc3 Nd7 14. Rfd1 Nf6 15. Qd4 Qc7 {[#]} 16. Rac1 $146 ({Predecessor:} 16. Ne1 Bxg2 17. Nxg2 Qc5 18. Ne3 Qxd4 19. Rxd4 Rfc8 20. f3 Rc5 21. Kf2 Kf8 22. g4 {½-½ (42) Croad,N (2202)-Stuart,P (2215) Wanganui 2003}) 16... Rac8 17. Qf4 Kg7 18. Ne1 Bxg2 19. Nxg2 Qb7 20. Ne3 (20. f3 {with more complications.} b5 21. Ne3 Qa6 22. Rd2 Qb6 23. Kg2) 20... Qe4 (20... Rc5 {feels hotter.} 21. Qd4 Re5 22. h4 Qc8 23. Kg2 Qe6) 21. Qxe4 Nxe4 22. f3 Nf6 23. Kf2 Rc7 24. g4 h6 25. h4 Rd8 26. Rc2 e6 27. Rcd2 Rcd7 28. g5 Ne8 29. Ng4 h5 30. Ne5 Rc7 31. f4 (31. Nd3 $16) 31... a6 32. Nf3 b5 33. cxb5 axb5 34. Nd4 Rb8 35. e4 e5 {[#]} 36. fxe5 $1 dxe5 37. Nf3 Ra8 38. Re2 ({Of course not} 38. Nxe5 $6 Re7 $11) 38... f6 39. Rd5 Rca7 ({Black should play} 39... Rb8 $14) 40. Rxb5 $16 Rxa2 41. Rb7+ Kg8 42. Rxa2 Rxa2+ {[%mdl 4096] Endgame KRN-KRN} 43. Ke3 {Strongly threatening Rb8.} Ra5 44. Rd7 (44. Rb6 $16 Kf7 45. Kd3) 44... Rb5 $11 45. Nd2 fxg5 46. hxg5 h4 (46... Rb6 $11) 47. Kf3 $14 Ng7 48. Rd5 (48. Rd6 $16) 48... Rxd5 $11 49. exd5 {Nc4 is the strong threat. KN-KN} Nf5 (49... h3 $11) 50. Ke4 ({Better is} 50. Nc4 $16) 50... h3 {The position is equal.} 51. Nf1 Kf7 52. Kxe5 Ke7 53. b4 Nd6 54. Kd4 Nf7 55. Ke4 {Accuracy: White = 74%, Black = 83%.} 1/2-1/2

[Event "Panevezys Elite Open 2020"]
[Site "Panevezys"]
[Date "2020.06.28"]
[Round "4.3"]
[White "Heberla, Bartlomiej"]
[Black "Juknis, Paulius"]
[Result "1/2-1/2"]
[WhiteElo "2572"]
[BlackElo "2127"]
[Annotator "TA"]
[PlyCount "166"]
[EventDate "2020.06.26"]
[EventType "swiss"]
[EventCountry "LTU"]
[SourceTitle "playchess.com"]
[Source "ChessBase"]
[SourceQuality "1"]

{[%evp 9,166,12,12,12,12,14,4,8,11,8,10,5,16,0,0,-7,0,0,30,21,28,0,0,-4,-1,-6,0,0,0,0,14,0,0,0,0,0,14,0,11,-22,0,0,0,0,3,12,90,85,72,77,90,15,40,35,72,10,19,17,14,17,21,10,14,4,35,29,54,18,18,18,18,18,18,19,26,26,26,26,26,26,75,75,75,75,75,75,75,75,75,75,75,75,75,75,75,75,75,75,82,0,26,0,26,0,26,0,31,26,26,26,26,0,26,26,26,26,26,26,26,26,33,33,33,33,40,40,66,0,66,0,0,0,0,0,0,0,0,0,0,0,0,0,0,0,0,0,0,0,0,0,0,0,0,0,0,0,0,0,0]} 1. d4 Nf6 2. c4 c5 3. d5 b5 4. Qc2 bxc4 5. e4 e6 6. Bxc4 {A57: Benko/Volga Gambit.} exd5 7. exd5 d6 8. Nc3 Be7 9. Nf3 O-O 10. O-O Nbd7 11. Bf4 Nb6 12. b3 {[#]} Nh5 $146 ({Predecessor:} 12... Bg4 13. Nd2 Bh5 14. Rfe1 Bg6 15. Qd1 Ne8 16. Qf3 Bf6 17. Rad1 Bxc3 18. Qxc3 Nc7 {1-0 (40) Drozdovskij,Y (2552)-Kasparov,S (2491) playchess.com INT 2006}) 13. Be3 g6 14. Bh6 Re8 15. Bb5 Bd7 16. Rad1 Bxb5 17. Nxb5 Qd7 18. Nc3 Nf6 19. h3 Bf8 20. Bxf8 Kxf8 21. Rd3 Qf5 22. Qd2 Kg7 23. g4 Qd7 24. Qf4 Re7 25. Ng5 Rae8 26. Rfd1 $36 {[%mdl 2048] White is more active.} h6 (26... Qd8 {is more complex.} 27. f3 Re1+ 28. Rxe1 Rxe1+ 29. Kg2 Re5) 27. Rf3 Nfxd5 (27... Ng8 $11 {keeps the balance.} 28. Nge4 Re5) 28. Nxd5 $16 Nxd5 29. Rxd5 hxg5 30. Qxg5 (30. Qf6+ $16 Kg8 31. Rxd6) 30... Re1+ 31. Kg2 Qe6 32. Rdf5 (32. Qd2 $16) 32... Re7 33. Rf6 Qe5 34. Qxe5 dxe5 $11 {[%mdl 4096] Endgame KRR-KRR} 35. Ra6 Rc1 36. Ra4 Rc7 37. Re3 f6 38. g5 fxg5 39. Rxe5 Rc2 40. Re3 Kh6 41. Ra6 c4 42. bxc4 R2xc4 43. Rea3 g4 44. Rxa7 gxh3+ 45. Rxh3+ Kg5 46. Rxc7 Rxc7 $16 {KR-KR} 47. a4 Ra7 48. Ra3 Ra5 49. Kf3 Kf5 50. Ke3 Ke5 51. Ra1 Kd5 52. Kf4 Ke6 53. Ke4 Kd6 54. f3 (54. Rd1+ $16 Kc6 55. Rc1+ Kb6 56. Rb1+ Kc7 57. Rb4) 54... Ke6 55. Ra3 Kd6 56. Ra2 Ke6 57. Ra1 Kd6 58. Rd1+ Ke6 59. Rd4 Rc5 60. Rb4 Ra5 61. Kd3 Kd6 62. Rd4+ Ke6 63. Re4+ Kd6 64. Ke3 Rc5 65. Kf4 Ra5 66. Kg4 Kd7 67. Kg3 Kd6 68. Kg4 Kd7 69. f4 ({Better is} 69. Kh3 $14) 69... Kd6 $11 {The position is equal.} 70. Re8 Rxa4 71. Kg5 Kd7 72. Rf8 Ke7 73. Rf6 Ra8 (73... Ra2 {looks sharper.}) 74. Kxg6 {Threatens to win with Rf7+.} Rg8+ 75. Kf5 Ra8 76. Rb6 Kf7 77. Rb7+ Kf8 78. Kg5 Ra6 79. f5 Rc6 80. f6 {[#] White wants to mate with Kg6.} Rc1 81. f7 Rf1 82. Kg4 Rxf7 83. Rxf7+ Kxf7 {Accuracy: White = 83%, Black = 81%.} 1/2-1/2